[Event "B.H Wood memorial tournament "]
[Site "SchemingMind.com"]
[Date "2016.11.29"]
[Round "-"]
[White "John Hamer"]
[Black "Steven DuCharme"]
[Result "1-0"]
[WhiteCountry "ENG"]
[BlackCountry "USA"]
[WhiteElo "1973"]
[WhiteRD "67"]
[BlackElo "1493"]
[BlackRD "68"]
[GameID "407205"]

1. c4 Nf6 2. d4 g6 3. Nf3 Bg7 4. Nc3 d5 5. e3 O-O 6. Bd3 c6 7. O-O Bg4 8. h3 Bxf3 9. Qxf3 Qd7 10. Bd2 Re8
11. Rac1 e5 12. dxe5 Rxe5 13. Rfd1 Na6 14. cxd5 Nxd5 15. e4 Nxc3 16. Bxc3 Rc5 17. Bxa6 Qxd1+ 18. Rxd1 bxa6 19. Bb4 Rb5 20. Rd7
1-0

[Event "B.H Wood memorial tournament "]
[Site "SchemingMind.com"]
[Date "2016.11.28"]
[Round "-"]
[White "Steven DuCharme"]
[Black "Holty"]
[Result "1/2-1/2"]
[WhiteCountry "USA"]
[BlackCountry "ENG"]
[WhiteElo "1493"]
[WhiteRD "68"]
[BlackElo "1804"]
[BlackRD "63"]
[GameID "407206"]

1. e4 e6 2. d4 d5 3. Nc3 dxe4 4. Nxe4 Bd7 5. Nf3 Bc6 6. Bd3 Nd7 7. O-O Be7 8. Re1 Bxe4 9. Bxe4 Ngf6 10. Bxb7 Rb8
11. Bc6 O-O 12. Bxd7 Nxd7 13. c3 c5 14. Rb1 Re8 15. Bf4 Rb7 16. b3 a5 17. a4 Bf6 18. Ne5 Nxe5 19. dxe5 Be7 20. c4 Qb8
21. Re3 Rd8 22. Rd3 Qc8 23. Rxd8+ Qxd8 24. Qxd8+ Bxd8 25. Kf1 Rd7 26. Be3 Bb6 27. Ke2 h6 28. Rd1 Rxd1 29. Kxd1 h5 30. f4 Kh7
31. h4 f5 32. g3=
1/2-1/2

[Event "B.H Wood memorial tournament "]
[Site "SchemingMind.com"]
[Date "2016.11.29"]
[Round "-"]
[White "Holty"]
[Black "Steven DuCharme"]
[Result "0-1"]
[WhiteCountry "ENG"]
[BlackCountry "USA"]
[WhiteElo "1825"]
[WhiteRD "61"]
[BlackElo "1488"]
[BlackRD "54"]
[GameID "407207"]

1. Nf3 d5 2. d4 c6 3. c4 Nf6 4. Nc3 e6 5. Bg5 Be7 6. e3 O-O 7. Qc2 h6 8. Bh4 Nbd7 9. Rd1 a5 10. a3 Nh7
11. Bxe7 Qxe7 12. Bd3 Ng5 13. Qe2 Nxf3+ 14. Qxf3 dxc4 15. Bc2 b5 16. Qxc6 Ra6 17. Qxb5 Rb6 18. Qxa5 Rxb2 19. Qa4 Nb6 20. Qa5 Rxc2
21. Qxb6 Rxc3 22. Qb4 Qxb4 23. axb4 Rb3 24. O-O Rxb4 25. Ra1 Bd7 26. Rfc1 Rfb8 27. Kf1 Bc6 28. f3 Bb5 29. Kg1 f6 30. Rcb1 Rxb1+
31. Rxb1 c3 32. Kf2 c2 33. Rc1 Bd3 34. Ke1 Rb1 35. Kd2 Rxc1 36. Kxc1 f5 37. g3 g5 38. Kd2 h5 39. Kc1 Kf7 40. Kd2 Kf6
41. f4 g4 42. Kc1 Ke7
0-1

[Event "B.H Wood memorial tournament "]
[Site "SchemingMind.com"]
[Date "2016.11.27"]
[Round "-"]
[White "Steven DuCharme"]
[Black "Stephen Woodhouse"]
[Result "0-1"]
[WhiteCountry "USA"]
[BlackCountry "ENG"]
[WhiteElo "1493"]
[WhiteRD "68"]
[BlackElo "1890"]
[BlackRD "50"]
[GameID "407208"]

1. Nf3 e6 2. e4 d5 3. exd5 exd5 4. d4 Bd6 5. h3 Ne7 6. Bd3 Bf5 7. O-O O-O 8. Re1 Bxd3 9. Qxd3 c6 10. Nbd2 Nd7
11. c4 Nf6 12. c5 Bc7 13. b4 Ng6 14. Nf1 Ne4 15. a4 Nf4 16. Qc2 Qf6 17. Ne5 Bxe5 18. dxe5 Qxe5 19. Bb2 Qg5 20. Ng3 Nxg3
21. fxg3 Qxg3 22. Kh1 Rae8 23. Rxe8 Rxe8 24. Qd2 Re2 25. Qxe2 Nxe2
0-1

[Event "B.H Wood memorial tournament "]
[Site "SchemingMind.com"]
[Date "2016.11.27"]
[Round "-"]
[White "Stephen Woodhouse"]
[Black "Steven DuCharme"]
[Result "1-0"]
[WhiteCountry "ENG"]
[BlackCountry "USA"]
[WhiteElo "1890"]
[WhiteRD "50"]
[BlackElo "1493"]
[BlackRD "68"]
[GameID "407209"]

1. e4 e5 2. Nf3 d6 3. d4 exd4 4. Nxd4 Nf6 5. Nc3 Be7 6. Bc4 O-O 7. O-O Nbd7 8. Re1 Nb6 9. Bb3 a6 10. Bg5 h6
11. Bh4 Re8 12. Qf3 c5 13. Nf5 Bxf5 14. Qxf5 Qd7 15. Qxd7 Nbxd7 16. Bxf6 Bxf6 17. Rad1 Be5 18. Nd5 Rac8 19. c3 c4 20. Bc2 b5
21. f4 Bf6 22. Nxf6+ Nxf6 23. Rxd6 Ra8 24. e5 Kf8 25. h3 Ke7 26. Red1 Nh5 27. Rd7+ Kf8 28. Be4 Rab8 29. Bd5 Re7 30. Rxe7 Kxe7
31. Rd4 Rd8 32. Bb7 Rxd4 33. cxd4 Nxf4 34. Bxa6
1-0

[Event "B.H Wood memorial tournament "]
[Site "SchemingMind.com"]
[Date "2016.11.27"]
[Round "-"]
[White "Steven DuCharme"]
[Black "greghghs"]
[Result "0-1"]
[WhiteCountry "USA"]
[BlackCountry "ENG"]
[WhiteElo "1493"]
[WhiteRD "68"]
[BlackElo "2111"]
[BlackRD "67"]
[GameID "407210"]

1. d4 Nf6 2. c4 g6 3. Nc3 Bg7 4. e4 d6 5. f3 O-O 6. e5 Nfd7 7. exd6 exd6 8. Be3 Re8 9. Kf2 c5 10. Nge2 Nc6
11. a3 cxd4 12. Nxd4 Nxd4 13. Bxd4 Qh4+
0-1

[Event "B.H Wood memorial tournament "]
[Site "SchemingMind.com"]
[Date "2016.11.27"]
[Round "-"]
[White "greghghs"]
[Black "Steven DuCharme"]
[Result "1-0"]
[WhiteCountry "ENG"]
[BlackCountry "USA"]
[WhiteElo "2111"]
[WhiteRD "67"]
[BlackElo "1493"]
[BlackRD "68"]
[GameID "407211"]

1. e4 c6 2. d4 d5 3. Nc3 dxe4 4. Nxe4 Bf5 5. Ng3 Bg6 6. Nh3 h6 7. Nf4 Bh7 8. Bc4 e6 9. O-O b5 10. Bxe6 fxe6
11. Nxe6 Qc8 12. Qh5+ g6 13. Qe5
1-0

[Event "B.H Wood memorial tournament "]
[Site "SchemingMind.com"]
[Date "2016.11.28"]
[Round "-"]
[White "Steven DuCharme"]
[Black "Johnny Owens"]
[Result "1-0"]
[WhiteCountry "USA"]
[BlackCountry "USA"]
[WhiteElo "1482"]
[WhiteRD "55"]
[BlackElo "1831"]
[BlackRD "116"]
[GameID "407212"]

1. e4 d5 2. exd5 Qxd5 3. Nc3 Qd6 4. Nf3 Nf6 5. d4 e6 6. Be2 Be7 7. O-O Qd8 8. Bg5 O-O 9. Bxf6 Bxf6 10. Qd2 b6
11. Ne4 Bb7 12. Nxf6+ Qxf6 13. c3 Nd7 14. a4 a5 15. b4 e5 16. dxe5 Nxe5 17. Nxe5 Qxe5 18. Rfe1 Rfd8 19. Qc2
1-0

[Event "B.H Wood memorial tournament "]
[Site "SchemingMind.com"]
[Date "2016.11.28"]
[Round "-"]
[White "Johnny Owens"]
[Black "Steven DuCharme"]
[Result "1-0"]
[WhiteCountry "USA"]
[BlackCountry "USA"]
[WhiteElo "1831"]
[WhiteRD "116"]
[BlackElo "1482"]
[BlackRD "55"]
[GameID "407213"]

1. c4 Nf6 2. g3 c6 3. b3 d5 4. Bb2 Nbd7 5. Nf3 g6 6. Bg2 Bg7 7. O-O O-O 8. Qc2 dxc4 9. bxc4 Qc7 10. d4 Nb6
11. e4 Rd8 12. Nbd2 Be6 13. Ng5 h6 14. Nxe6 fxe6 15. c5 Nbd7 16. e5 Nd5 17. Qxg6 Nf8 18. Qg4 Kh8 19. Nf3 b6 20. Qh5 a5
21. Ng5 Rdb8 22. Nf7+ Kg8 23. Bc1 bxc5 24. Nxh6+ Bxh6 25. Bxh6
1-0